|
|
|
|
| LEADER |
05652nam a22004093i 4500 |
| 001 |
EBC6363154 |
| 003 |
MiAaPQ |
| 005 |
20231204023215.0 |
| 006 |
m o d | |
| 007 |
cr cnu|||||||| |
| 008 |
231204s2016 xx o ||||0 eng d |
| 020 |
|
|
|a 9783319504698
|q (electronic bk.)
|
| 020 |
|
|
|z 9783319504681
|
| 035 |
|
|
|a (MiAaPQ)EBC6363154
|
| 035 |
|
|
|a (Au-PeEL)EBL6363154
|
| 035 |
|
|
|a (OCoLC)1291317884
|
| 040 |
|
|
|a MiAaPQ
|b eng
|e rda
|e pn
|c MiAaPQ
|d MiAaPQ
|
| 050 |
|
4 |
|a K3236-3268.5
|
| 082 |
0 |
|
|a 333.9109633
|
| 100 |
1 |
|
|a Carr, Claudia J.
|
| 245 |
1 |
0 |
|a River Basin Development and Human Rights in Eastern Africa -- a Policy Crossroads.
|
| 250 |
|
|
|a 1st ed.
|
| 264 |
|
1 |
|a Cham :
|b Springer International Publishing AG,
|c 2016.
|
| 264 |
|
4 |
|c Ã2017.
|
| 300 |
|
|
|a 1 online resource (252 pages)
|
| 336 |
|
|
|a text
|b txt
|2 rdacontent
|
| 337 |
|
|
|a computer
|b c
|2 rdamedia
|
| 338 |
|
|
|a online resource
|b cr
|2 rdacarrier
|
| 505 |
0 |
|
|a Intro -- Preface -- Acknowledgments -- Contents -- Acronyms -- List of Figures -- List of Tables -- 1 At Stake with River Basin Development in Eastern Africa -- Abstract -- River Basin Development in Africa: Development Versus Disaster -- The Transboundary Character of Emerging Crisis in Eastern Africa -- The Gibe III Dam and Linked Agricultural and Power Export Developments -- Literature Cited -- 2 The Persistent Paradigm for 'Modernizing' River Basins: Institutions and Policies in Ethiopia -- Abstract -- Early River Basin Development in Ethiopia -- The Resurgence of Western Dominance in River Basin Development -- 'Fast Track' to the Gibe III Megadam -- A Nexus of Public Policy Institutions for River Basin Development: Collaboration with Complicity -- Literature Cited -- 3 The Seismic Threat to the Gibe III Dam: A Disaster in Waiting -- Abstract -- High Seismicity in the Gibe III Dam Region -- Reservoir Seepage and Landslide Danger at the Gibe III Dam -- Failed Government and Development Bank Seismic Review -- Literature Cited -- 4 Transboundary Survival Systems: A Profile of Vulnerability -- Abstract -- Indigenous Livelihoods and Survival Strategy Systems -- Pastoral Dispossession and Rising Dependence on the Omo River and Lake Turkana -- Environments in the Transboundary Region: From Pristine to Degraded -- The Lowermost Omo River Basin and Environs -- Lake Turkana and Environs -- Cross-Border Conflict and Diminishing Resources: The Ilemi Triangle Ingredient -- Literature Cited -- 5 Components of Catastrophe: Social and Environmental Consequences of Omo River Basin Development -- Abstract -- Radical Reduction of River and Lake Waters by Omo Basin Development -- Consequences for the Lowermost Omo River Basin -- Consequences for the Lake Turkana Region -- Consequences for the Ilemi Triangle and the Broader Region -- Literature Cited.
|
| 505 |
8 |
|
|a 6 The Rush to Rationalize: Public Policies and Impact Assessments -- Abstract -- Launching the Gibe III Dam-And a System of Bias -- The Myth of Flood 'Disasters' as Rationale for Megadam Development -- Invalidity of the Ethiopian Government's Downstream Impact Assessment -- The False Promise of an Artificial Flood 'Solution' -- Multilateral Development Banks and the 'Complicity Treadmill' -- Literature Cited -- 7 The Dasanech of the Lowermost Omo Basin: From Adaptation to Development Debacle -- Abstract -- Dasanech Pastoral Decline: Roots and Responses -- Adapting from Upland Pastoral Life to Diversified Economy at the River -- Last Resort Survival: Desperate Dependence on Omo River Annual Flood -- Ethiopian Expropriation and Political Repression of Riverine Communities -- Literature Cited -- 8 Nyangatom Livelihood and the Omo Riverine Forest -- Abstract -- Nyangatom Omo Settlements and Dependence on Riverine Resources -- Fate of the Forest: Nyangatom Survival and Ethiopia's Heritage -- Literature Cited -- 9 Turkana Survival Systems at Lake Turkana: Vulnerability to Collapse -- Abstract -- Northern Turkana Pastoralists: The Long Decline and Migration to the Lake -- Adaptation from Pastoral to Fishing Livelihood -- Fishing Shoreline Communities: Household Practices and Resources -- Fish Species and Critical Habitats -- Counting the Discounted: Northern Turkana Population at the Lake -- Literature Cited -- 10 Human Rights Violations and the Policy Crossroads -- Abstract -- The Crisis Unfolding and the Human Right to Context -- The Ethiopian Government's Violations of Human Rights in the Transboundary Region -- Emerging Human Rights Violations in Kenya's Lake Turkana Region -- International Development Bank Collaboration with Human Rights Violations.
|
| 505 |
8 |
|
|a The Stark Policy Choice: Catastrophic Level Destruction or Sustainable Development Within a Human Rights Framework -- Literature Cited -- Appendix A: Activation of Oil Explorationand Development in the Ethiopia-Kenya-SouthSudan Transboundary Region1 -- Appendix B: Species Collected in the Lower OmoRiver Basin and Transborder Region -- Appendix C: Reference set of Selected Major Figures.
|
| 588 |
|
|
|a Description based on publisher supplied metadata and other sources.
|
| 590 |
|
|
|a Electronic reproduction. Ann Arbor, Michigan : ProQuest Ebook Central, 2023. Available via World Wide Web. Access may be limited to ProQuest Ebook Central affiliated libraries.
|
| 655 |
|
4 |
|a Electronic books.
|
| 776 |
0 |
8 |
|i Print version:
|a Carr, Claudia J.
|t River Basin Development and Human Rights in Eastern Africa -- a Policy Crossroads
|d Cham : Springer International Publishing AG,c2016
|z 9783319504681
|
| 797 |
2 |
|
|a ProQuest (Firm)
|
| 856 |
4 |
0 |
|u https://ebookcentral.proquest.com/lib/matrademy/detail.action?docID=6363154
|z Click to View
|